[Event "EU-ch 19th"]
[Site "Batumi"]
[Date "2018.03.26"]
[Round "9"]
[White "Matlakov, Maxim"]
[Black "Nabaty, Tamir"]
[Result "1-0"]
[WhiteElo "2707"]
[BlackElo "2690"]
[Annotator "Krasenkow,M"]
[PlyCount "79"]
[EventDate "2018.03.17"]
[EventType "swiss"]
[EventRounds "11"]
[EventCountry "GEO"]
[SourceTitle "CBM 184"]
[Source "ChessBase"]
[SourceDate "2018.05.16"]
[SourceVersion "1"]
[SourceVersionDate "2018.05.16"]
[SourceQuality "1"]

1. d4 d5 2. c4 e6 3. Nf3 Nf6 4. Nc3 a6 {This line has recently gained some
popularity.} 5. cxd5 exd5 6. Bg5 Be6 7. e3 h6 (7... Nbd7 {is played more often,
and only after} 8. Bd3 h6 {- see, e.g. Van Wely - Andreikin in CBM 177.}) 8.
Bxf6 $1 $146 {[%mdl 8] Black must now recapture with his queen, which is not
very comfortable.} (8. Bh4 Nbd7 {etc. leads to positions usually arising after
7...Nbd7.}) 8... Qxf6 9. Qb3 Ra7 10. Bd3 ({Fortunately for Black,} 10. Nxd5 {
is not so dangerous due to} Qd8 11. Bc4 b5 12. Nxc7+ Rxc7 13. Bxe6 fxe6 14.
Qxe6+ Qe7 {but even here Black is on the defensive after, say,} 15. Qg6+ Qf7
16. Qe4+ Be7 17. Ne5 {. Maxim Matlakov prefers to continue development
assuming that the poor position of Black's rook on a7 will play its role.})
10... Nd7 11. O-O (11. Nxd5 Qd8 {[%cal Rc7c6]}) 11... Bd6 12. Rae1 (12. Nxd5 {
is possible now, with the idea} Qd8 13. Qc3 $5 Bxd5 14. e4 {Still, Black
survives after} Bc6 15. d5 Bb5 16. Bxb5 axb5 17. Qxg7 Qf6 18. Qxf6 Nxf6 19. e5
Bxe5 20. Nxe5 Nxd5) 12... O-O 13. Bb1 $1 {[%mdl 160] White prepares Qb3-c2 and
e3-e4. A logical plan when one of Black's pieces (Ra7) is stuck on the other
flank.} Qd8 14. Qc2 g6 (14... f5 {weakens the light squares and allows} 15. Ne2
$36 {[%cal Ye2f4,Yh2h4]}) 15. e4 dxe4 16. Nxe4 Bd5 17. Qc3 a5 (17... Re8 18. h4
$5) 18. Qe3 Kg7 19. Ne5 $1 Ra6 (19... b6 $5 20. Rd1 $5 {[%cal Ye4c3]} (20. f4
f5 $1 21. Nc3 Nxe5 22. fxe5 Be7 $13)) 20. f4 $40 {>>} Bb4 (20... f5 21. Nc3
Nxe5 {doesn't work now due to} 22. dxe5) 21. Nc3 Re8 (21... Bxc3 $5 22. bxc3
Nxe5 {(getting rid of White's dangerous knights)} 23. dxe5 $14) 22. Qg3 Nf8 $2
{Wrong! Black renounces simplifications, and White obtains a decisive attack.
However, Black's position remained difficult in any case, e.g.} (22... Bxc3 23.
bxc3 Nxe5 24. dxe5 Qe7 25. f5 Qg5 26. Qf2) ({or} 22... Nxe5 23. dxe5 Bc4 24.
Rf3) 23. f5 g5 24. f6+ $1 Rxf6 25. Rxf6 Bxc3 26. Rxf7+ Bxf7 27. bxc3 $16 {
[%csl Ge5] Black has survived the first assault but White's knight dominates
the board.} Ng6 28. Qd3 Re6 (28... Qd6 $5 29. Rf1 Rxe5 30. dxe5 Qxd3 31. Bxd3
Nxe5 {but after} 32. Bc2 {[%cal Yc2b3] White should win in the long term.}) 29.
Rf1 Be8 30. Ng4 $1 {[%cal Rd4d5]} Qe7 (30... Rd6 31. h4 $5 gxh4 $140 32. Qe3 {
[%csl Rh6]}) 31. d5 Qc5+ $2 {This leads to a prompt defeat but after the
relatively best} (31... Re1 32. Qd4+ Kg8 $1 33. Nxh6+ Kh7 34. Nf5 {White
should convert his extra pawn without major problems.}) 32. Kh1 Re7 33. c4 $1
Kh8 34. Qc3+ Rg7 35. Nxh6 Qb4 36. Qd4 Qb6 37. Qc3 {White misses a simple
tactical trick:} (37. Qe5 $1 $18 {[%cal Re5e8,Re5g5]}) 37... Qb4 38. Qh3 (38.
Qa1 $5 {[%cal Rh6f5]} Kh7 (38... Qxc4 39. Bxg6 Bxg6 40. Rf7 $1 Bxf7 41. Nf5 $18
) 39. Ng4 {[%cal Rg4f6]} Qe7 40. Qc3 $18) 38... Qxc4 $2 {[%mdl 8192] Black
blunders a nice mate.} (38... Nf4 {is the only way to continue resistance but
White's position is winning anyway.} 39. d6 $1 {is the most beautiful
continuation, e.g.} Qxc4 (39... Qxd6 40. Nf7+ Kg8 41. Nxd6 Nxh3 42. Nxe8) (
39... cxd6 40. Qc8 Qa4 41. Qf5 Bg6 42. Qf8+ Kh7 43. Nf5 Rf7 44. Qh6+ Kg8 45.
Qxg5 $18) 40. Re1 $1 Nxh3 41. Rxe8+ Rg8 42. Rxg8+ Qxg8 43. Nxg8 $18) 39. Nf7+
Kg8 40. Qh8+ $1 (40. Qh8+ Nxh8 41. Nh6#) 1-0

[Event "Shenzhen Du Te Cup"]
[Site "Shenzhen"]
[Date "2017.03.29"]
[Round "6"]
[White "Svidler, Peter"]
[Black "Harikrishna, Pentala"]
[Result "1-0"]
[WhiteElo "2741"]
[BlackElo "2758"]
[Annotator "Krasenkow,M"]
[PlyCount "88"]
[EventDate "2017.03.23"]
[EventType "tourn"]
[EventRounds "10"]
[EventCountry "CHN"]
[EventCategory "21"]
[SourceTitle "CBM 178"]
[Source "ChessBase"]
[SourceDate "2017.05.14"]
[SourceVersion "1"]
[SourceVersionDate "2017.05.14"]
[SourceQuality "1"]

1. Nf3 Nf6 2. c4 e6 3. Nc3 d5 4. d4 Be7 5. Bf4 O-O 6. a3 c5 7. dxc5 Bxc5 8.
cxd5 Nxd5 9. Nxd5 exd5 10. e3 Nc6 11. Bd3 Bb6 12. O-O Bg4 13. h3 Bh5 14. b4 a6
15. Rc1 d4 (15... Re8 {is more accurate, and a forced line} 16. Bxa6 (16. g4
Bg6 17. Bxg6 hxg6 18. Qd3 d4 19. e4 Bc7 20. Bxc7 Qxc7 21. Kg2 Qf4 $11 {1-0 (44)
Gyimesi,Z (2571)-Van den Doel,E (2574) Tel Aviv 2001}) 16... Rxa6 17. b5 Rxa3
18. bxc6 bxc6 19. Rxc6 {, seen in a number of games, leads to a position close
to drawish, although Black needs to display accuracy.} Qh4) 16. g4 $1 Bg6 17.
e4 {A well-known old line, rather pleasant for White.} Re8 (17... Rc8 $144 18.
Re1 Re8) 18. Re1 (18. Nd2 $5 Rc8 (18... Bc7 19. Bxc7 Qxc7 20. f4 f6 21. Qf3 $14
{1/2 (42) Kveinys,A (2600)-Ogaard,L (2372) Norway 2008}) 19. Bg3 (19. Qb3 $5 {
L.Ftacnik}) 19... f6 (19... Qd7 20. f4 f6 21. Qf3 Bf7 22. Kg2 Ne7 23. Bc4 Bxc4
24. Nxc4 Bc7 25. Qd3 $14 {0-1 (33) Sakalauskas,V (2423)-Vouldis,A (2528)
Plovdiv 2003}) 20. b5 $6 (20. f4 $5 {A.Beliavsky}) (20. Bc4+ $5 Kh8 21. Bd5 $14
{L.Ftacnik}) 20... axb5 21. Qb3+ Kh8 22. Qxb5 Bc7 $1 23. Qxb7 Bxg3 24. Rxc6 $1
Rb8 25. Qa7 Bf4 26. Nf3 Bxe4 $1 27. Bxe4 Rxe4 28. Rd1 Qe8 $132 {1/2 (33)
Beliavsky,A (2595)-Georgiev,K (2610) Biel 1992 CBM 031 [Ftacnik,L]}) 18... Rc8
19. Bc4 $146 {A new continuation, which is hardly better than the others.} (19.
e5 $5 Ne7 20. Bc4 Nd5 (20... Rxc4 $2 21. Rxc4 Qd5 22. Nd2 Bd3 23. Rc1 Bb5 24.
Qb3 Bc6 25. Qxd5 Nxd5 26. Bg3 $16 {1/2 (57) Dorfman,J (2607)-Vaisser,A (2571)
Aix les Bains 2003 CBM 097 [Dautov]}) 21. Bg5 Qd7 {[%cal Yd5c3]} 22. e6 $1 fxe6
23. Ne5 Qd6 24. Bh4 Rf8 25. Nxg6 hxg6 26. Bg3 Qd7 27. Qe2 Kh7 28. Qe4 Qf7 29.
Bd3 $44 {1-0 (55) Lima,D (2486)-Hobaica,J (2405) Brasilia 2010}) (19. Kg2 {
is even more solid:} Bc7 20. Qd2 Bxf4 21. Qxf4 $14 Na7 $6 22. Rxc8 Nxc8 23. Rd1
Na7 24. Bc4 Rxe4 25. Bxf7+ Kf8 26. Qg5 $1 $16 {1-0 (33) Epishin,V (2620)-Van
der Sterren,P (2535) Ter Apel 1992 CBM 030 [Ftacnik,L]}) 19... Qf6 $6 (19...
Bxe4 $1 20. Bxf7+ Kxf7 21. Ng5+ Kg8 22. Rxe4 Qd5 23. Qd3 Rxe4 24. Qxe4 Qxe4 25.
Nxe4 Rf8 {, and Black should not lose.}) 20. Bg5 Qd6 21. e5 $1 {Probably
missed by Black.} Qd7 (21... Qf8 {is too ugly.}) 22. Qb3 {[%cal Re5e6]} h6 (
22... Nd8 23. Bxd8 $1 Qxd8 24. e6 $16) 23. Bh4 (23. Bf4 $142 $1 Re6 $140 (23...
Nd8 $2 24. e6 Nxe6 25. Ne5) 24. Nh4 Bh7 25. Nf5 $16) 23... Re6 $1 {[%mdl 768]
An excellent defence. If White accepts this exchange sacrifice Black obtains
an excellent blockading position.} 24. Rcd1 Bh7 25. Rd2 g5 $2 {[%mdl 16384] An
unnecessary weakening; besides, White's bishop is pushed to a better square.} (
25... Ba7 $142 {[%cal Yb7b5]}) 26. Bg3 {[%cal Yh3h4]} Nd8 27. Red1 Qc7 28. Bd3
Bxd3 29. Rxd3 Nc6 30. a4 Qe7 31. b5 axb5 32. axb5 Nxe5 (32... Na5 33. Qa2 {
[%cal Rf3d4]}) (32... Nb4 33. Rxd4 $1 Bxd4 34. Nxd4 Rd8 35. Kg2 $1 $16) 33.
Nxe5 Rxe5 34. Bxe5 Qxe5 {White has won the exchange in a much better version
and gradually brings his advantage home.} 35. Rf3 Qe7 36. Kg2 Rc7 37. Qd5 Kg7
38. Rh1 $1 {[%cal Yh3h4]} Rd7 39. Re1 $1 Qd8 40. Qe5+ f6 41. Qf5 Bc7 42. Re6
Rf7 43. h4 $1 gxh4 44. Kh3 $18 Be5 $4 (44... Be5 $4 45. Rxe5) 1-0

[Event "Gibraltar Masters 11th"]
[Site "Caleta"]
[Date "2013.01.29"]
[Round "8"]
[White "Le, Quang Liem"]
[Black "Short, Nigel D"]
[Result "0-1"]
[WhiteElo "2705"]
[BlackElo "2690"]
[Annotator "Krasenkow,M"]
[PlyCount "134"]
[EventDate "2013.01.22"]
[EventType "swiss"]
[EventRounds "10"]
[EventCountry "GGB"]
[SourceTitle "CBM 153"]
[Source "ChessBase"]
[SourceDate "2013.03.14"]
[SourceVersion "1"]
[SourceVersionDate "2013.03.14"]
[SourceQuality "1"]

1. d4 Nf6 2. c4 e6 3. Nf3 d5 4. Nc3 Be7 5. Bf4 O-O 6. Qc2 c5 7. dxc5 Na6 $5 {
This system was examined in annotations to Karjakin - Kramnik by GM I.Stohl 
(see CBM 147). The development of the knight to c5 looks quite appropriate.} 8.
e3 Nxc5 9. Be2 dxc4 10. Bxc4 a6 11. a4 Bd7 (11... b6 12. O-O Bb7 13. Rfd1 Qc8
14. Qe2 (14. Ne5 Ncd7 15. Nxd7 Nxd7 16. Be2 Rd8 17. Rac1 Nf6 18. Rxd8+ Qxd8 19.
Qb3 Nd5 20. Nxd5 Bxd5 21. Qc3 Qe8 $11 {Rychagov,A (2556)-Azarov,S (2648)/St
Petersburg/2011/}) 14... Qc6 15. Qf1 Rfc8 16. Ne5 Qe8 17. h3 Ncd7 18. Nxd7 Nxd7
{1/2 (27) Karjakin,S (2706)-Kramnik,V (2759) Nice 2009}) (11... Nd5 $5 12. Bxd5
exd5 13. O-O Be6 14. b4 Nd7 $5 15. Rab1 Rc8 $132 {Vescovi,G (2525)-Dorfman,J 
(2585)/Elista olm/1998/}) 12. O-O Bc6 (12... Rc8 13. a5 b5 14. axb6 Qxb6 15.
Qe2 {Shahade,G (2463)-Collins,S (2426)/Freemont/2012/} Bc6 {[%cal Yc6b7]} 16.
Bxa6 Nxa6 17. Rxa6 Qb7 $44) (12... Qa5 $5 13. Rfb1 Qb4 14. Ne5 {0-1 (101)
Kovalenko,I (2586)-Ehlvest,J (2613) Jurmala LAT 2013} Rfd8 $11) 13. Rfd1 Qa5
14. Nd4 Rfc8 15. Nxc6 Rxc6 $11 {Black's good development and the weakness of
the b4 square in White's camp compensate for White's bishop pair.} 16. h3 $6 {
A passive move, after which Black seizes the initiative.} (16. Be2 Nce4 17. Bf3
Nxc3 18. bxc3 Nd5 $11) 16... Rac8 17. Bb5 $5 Rb6 18. Be2 (18. Rab1 $1 axb5 19.
b4 Qa8 20. bxc5 Rxc5 21. axb5 Qc8 22. Rdc1 $11) 18... Nce4 19. Bf3 Nxc3 20.
bxc3 g5 21. Bg3 Rxc3 22. Qd2 Rbb3 {Black has won a pawn although he faces
serious technical problems converting it.} 23. Rac1 b6 24. Rxc3 $6 (24. Bc7 $1
Nd5 25. Be5 Rxc1 26. Qxa5 Rxd1+ (26... bxa5 27. Rxc1 f6 28. Bd4) 27. Bxd1 bxa5
28. Bxb3 {with a probable draw}) 24... Qxc3 25. Qxc3 Rxc3 26. Be5 $6 (26. Be2
$5 {trying to force ...a6-a5}) 26... Rc4 27. Rd4 Rc5 28. Bxf6 Bxf6 $17 {
[%mdl 4096] As a result of inaccurate play, White is just a pawn down without
compensation, and even opposite-coloured bishops won't save him after all.} 29.
Rd7 Kf8 30. Ra7 a5 31. Bh5 $6 (31. g3 $142 Rc4 32. Ra8+ Kg7 33. Ra7 Kg6 (33...
Be5 34. Bh5 Bc7 35. Be2) 34. Bd1 Rc1 35. Rd7 b5 36. axb5 Rb1 (36... a4 37. Kg2
a3 38. Bb3 Rc3 39. Ba2 Rc2 $4 40. Bb1) 37. Kg2 Rxb5 38. Bc2+ Kg7 39. Bd1 Kf8
40. Ra7 {keeping drawing chances.}) 31... Be7 32. Ra8+ Kg7 33. Ra7 Kf6 34. g3
Rc4 35. Rb7 (35. Bd1 {doesn't help anymore:} Rc1 36. Rd7 b5 37. axb5 a4 38. Kg2
a3 39. Bb3 Rc3 40. Ba2 Rc2 41. Bb3 Rb2 42. Bc4 Bc5 $19 {[%cal Rc5e3,Ra3a2]})
35... Rxa4 36. Rxb6 Rc4 37. Ra6 a4 38. Kg2 a3 {With his pawn on the 3rd rank,
Black wins quite easily.} 39. Be2 Rc3 40. Bf3 Bc5 41. Be4 h5 42. Kf3 Ke5 43.
Bh7 Rb3 44. g4 h4 45. Ra4 Rb2 46. Ra5 Kd6 47. Bd3 Kd5 48. Bf1 a2 49. Bd3 Rd2
50. Ba6 e5 51. Bb7+ Kc4 52. Ke4 Kb3 53. Bd5+ Rxd5 $1 54. Rxa2 Rd6 55. Ra5 Kb4
56. Ra2 f6 57. Kf5 Kc4 58. Rc2+ Kb5 59. Rb2+ Kc6 60. Rc2 Kb6 61. Ke4 Kb5 62.
Kf5 Bb4 63. Kg6 Be1 64. Kf5 Kb4 65. Re2 Bd2 66. f3 Kc3 67. Ke4 Rd3 0-1

[Event "Corus"]
[Site "Wijk aan Zee"]
[Date "2007.01.27"]
[Round "12"]
[White "Topalov, Veselin"]
[Black "Kramnik, Vladimir"]
[Result "1/2-1/2"]
[WhiteElo "2783"]
[BlackElo "2766"]
[Annotator "Krasenkow,M"]
[PlyCount "97"]
[EventDate "2007.01.13"]
[EventType "tourn"]
[EventRounds "13"]
[EventCountry "NED"]
[EventCategory "19"]
[SourceTitle "CBM 117"]
[Source "ChessBase"]
[SourceDate "2007.03.30"]
[SourceVersion "1"]
[SourceVersionDate "2007.03.30"]
[SourceQuality "1"]

1. d4 Nf6 2. c4 e6 3. Nf3 d5 4. Nc3 Be7 5. Bf4 O-O 6. e3 c5 7. dxc5 Bxc5 8. Qc2
Nc6 9. a3 Qa5 10. O-O-O Be7 11. h4 Rd8 12. Nd2 (12. g4 {is more popular in
this position.}) 12... dxc4 $5 {The simplest course. Black simplifies the game.
The endgame is slightly inferior for him due to White's space advantage but
quite defendable.} 13. Nxc4 (13. Bxc4 Ne5 14. Nb3 Qc7 15. Rxd8+ Bxd8 16. Rd1
Bd7 $11) 13... Rxd1+ 14. Qxd1 Qd8 15. Qxd8+ Nxd8 {[%mdl 4096]} (15... Bxd8 $5
16. Be2 Nd5 17. Nxd5 exd5 18. Nd6 Bc7 19. Rd1 Bxd6 20. Bxd6 Be6 21. b4 f6 22.
Kb2 Rd8 23. Bc5 b6 24. Bd4 Ne5 $14 {1/2-1/2 Peng,Z-Maric,A/Groningen 1997/CBM
062 ext (48)}) 16. Be2 Bd7 17. e4 {Similar positions, arising from Queen's
Gambit Accepted, were often played by Kramnik as White (e.g. in his match vs.
Kasparov). Here Black has an additional problem - his poorly placed Nd8} Bc6
18. f3 Nh5 19. Bc7 Rc8 20. Be5 (20. Bd6 $142) 20... Bf6 (20... f5 $3 {is a
nice computer suggestion. After} 21. exf5 Nf7 $1 22. fxe6 Nxe5 23. Nxe5 Bd5 24.
Kb1 Bxe6 {Black gets rid of his passive knight and obtains a good compensation
for the missing pawn, due to his bishop pair.}) 21. Nd6 Ra8 $6 (21... Rc7 {
was quite possible}) 22. Bxf6 Nxf6 23. Rd1 $14 {[%csl Rd8] Black has not
solved his main problem (Nd8), so he is worse.} Kf8 (23... Ne8 $5 24. Nc4 Nc7)
24. Kd2 (24. b4 $142 $1 {|^<<, K.Sakaev}) 24... Ne8 25. Nc4 {Of course, a
knight exchange would make Black's defense easier.} f6 26. Ke3 b6 27. f4 Nf7 {
Uff... But the knight is still quite passive.} 28. g4 h6 29. g5 hxg5 30. hxg5
Ke7 31. gxf6+ Nxf6 {Black's pawn structure is now less compact but the f6
knight is active.} (31... gxf6 $143 32. Rh1) 32. Rg1 Rg8 33. Rg6 Bb7 ({An
immediate} 33... Nh8 {was less accurate due to} 34. Rg5 $1 {(suggested by GM K.
Sakaev)} (34. Rg3 $143 Nf7 {[%cal Yg7g5]}) 34... Nf7 35. Ne5 $1 Nxe5 36. Rxe5 (
36. fxe5 $6) 36... Rh8 37. Rg5 Kf7 38. f5 (38. Bc4 Rh4 $1 39. f5 Nxe4) 38...
exf5 39. Bc4+ Ke8 40. Rxf5 $36 {[%csl Ge4]}) 34. a4 Nh8 35. Rg1 Nf7 36. a5 g5
$1 {Getting rid of his main weakness, Black equalizes the game.} 37. fxg5 Rxg5
38. Rxg5 Nxg5 {[%csl Re4]} 39. e5 Nd7 40. Nd6 Bf3 $1 {The last accuracy.} (
40... Bh1 41. a6 $1 {[%csl Ga6] was dangerous for Black.}) 41. axb6 (41. a6
Bxe2 42. Kxe2 Nc5 $11) (41. Bxf3 Nxf3 42. a6 Nfxe5 43. Nc8+ Kd8 44. Nxa7 Nc5
$11) 41... axb6 42. Bxf3 Nxf3 43. Nc8+ Kd8 44. Kxf3 Nxe5+ 45. Ke4 Nc4 46. Kd4
Nxb2 47. Nxb6 Kc7 48. Nc4 Nxc4 49. Kxc4 1/2-1/2

[Event "London Classic"]
[Site "London"]
[Date "2009.12.12"]
[Round "4"]
[White "Kramnik, Vladimir"]
[Black "Adams, Michael"]
[Result "1/2-1/2"]
[WhiteElo "2772"]
[BlackElo "2698"]
[Annotator "Krasenkow,M"]
[PlyCount "92"]
[EventDate "2009.12.08"]
[EventType "tourn"]
[EventRounds "7"]
[EventCountry "ENG"]
[EventCategory "18"]
[SourceTitle "CBM 134"]
[Source "ChessBase"]
[SourceDate "2010.01.18"]
[SourceVersion "1"]
[SourceVersionDate "2010.01.18"]
[SourceQuality "1"]

1. d4 Nf6 2. c4 e6 3. Nf3 d5 4. Nc3 Be7 5. Bf4 O-O 6. e3 Nbd7 7. a3 c5 8. cxd5
Nxd5 9. Nxd5 exd5 10. dxc5 Nxc5 11. Be5 Bg4 (11... Bf6 {is the main move
examined in some of the previous CBM issues by GM Rustem Dautov - most
recently in CBM 111, annotations to Doettling - Senff. The text continuation
starts a different plan.}) 12. Be2 Ne6 (12... Bf6 {transposes to 11...Bf6.}) (
12... Bxf3 $5 13. Bxf3 Bf6 14. Bxf6 Qxf6 {deserves attention. Black easily
equalised in the following games:} 15. O-O (15. Rb1 Rad8 16. O-O d4 17. Qc2 b6
18. exd4 Rxd4 19. Rbd1 Rfd8 20. Rxd4 Rxd4 21. Rd1 g6 {1/2 Kunte,A (2527)
-Maheswaran,P (2297)/Gurgon 2009/CBM 128 Extra}) 15... Rad8 ({or} 15... Qxb2
16. Qxd5 Rac8 17. Rfd1 Qf6 18. Qd4 Qe7 19. Qb4 Rfd8 20. h3 b6 21. a4 Rxd1+ 22.
Rxd1 Rd8 23. Rd4 {1/2 Erdos,V (2591)-Nielsen,P (2687)/Heidelberg GER 2009/The
Week in Chess 788}) 16. Qd4 Qxd4 17. exd4 Ne4 18. Rfd1 f5 {1/2 Kunte,A (2513)
-Mas,H (2421)/Parramatta 2009/CBM 129 Extra}) 13. h3 (13. O-O Bf6 $5 14. Bxf6
Qxf6 15. Qxd5 Qxb2 16. Ra2 Qb6 17. h3 Rad8 18. Qe5 Bxf3 19. Bxf3 Qc5 20. Qxc5
Nxc5 21. Rb1 b6 22. a4 Rd6 23. a5 Rfd8 24. axb6 axb6 25. Rb5 Kf8 26. Rab2 Nd7
27. Bg4 Nf6 28. Rxb6 Nxg4 29. hxg4 Rxb6 30. Rxb6 g5 {1/2 Ibrahimov,R (2541)
-Dambacher,M (2429)/Hoogeveen 2006/EXT 2007 (61) - Black confidently hold this
ending.}) 13... Bxf3 14. Bxf3 d4 $5 {[%mdl 512]} (14... Bf6 15. Bxf6 Qxf6 16.
Bxd5 Qxb2 17. O-O Rad8 {etc. was possible here, too.}) 15. Bxd4 (15. exd4 Bf6
$1 16. O-O (16. Bxf6 Qxf6 17. d5 Nd4 $44) (16. Bxb7 $6 Bxe5 17. Bxa8 (17. dxe5
Qa5+ 18. Qd2 Qxe5+) 17... Qxa8 18. dxe5 Qxg2 19. Rf1 Rd8 $44) 16... Nxd4 17.
Bxd4 Qxd4 18. Bxb7 Rab8 $11) 15... Nxd4 16. Qxd4 Qxd4 17. exd4 Rac8 18. O-O (
18. Bxb7 Rb8 19. Bf3 Rxb2 {is hardly more favourable for White.}) 18... Rc7 {
A well-known kind of position has arisen. White has kept his extra pawn but it
is impossible to convert due to the opposite-coloured bishops. Black forces
its advance to d5, then safely blockades it.} 19. Rad1 Rd8 20. Rfe1 Kf8 21. Re2
g6 22. g3 Bf6 23. d5 Be7 24. Kg2 Bd6 25. Rde1 Rc5 26. Be4 Rdc8 27. f4 Rc1 28.
Kf3 Rxe1 29. Rxe1 Rc5 30. g4 a5 31. a4 Rc4 32. b3 Rc3+ 33. Re3 Rxe3+ 34. Kxe3
h6 35. f5 gxf5 36. Bxf5 Ke7 37. h4 f6 38. Bc8 b6 39. Ke4 Bg3 40. h5 Bh4 41. Kf5
Bg5 42. Kg6 Kd6 43. Be6 Ke7 44. Bc8 Kd6 45. Be6 Ke7 46. Bc8 Kd6 1/2-1/2